BIBLIOTHÈQUE DE LA MAISON DU MEXIQUE

Logo 1 Logo 2

Historia mundial de 1914 a 1968 (notice nᵒ 1376)

détails MARC
000 -Sello discográfico
campo de control de longitud fija 01058nam a2200349 4500
005 - Identificación de versión
campo de control 20251016082732.0
010 ## - Número Estándar Internacional de Libros (ISBN)
Número (ISBN) 968-16-0180-7
035 ## - Otros números de control del sistema
Número de control del sistema 5747
099 ## - fechas locales
Tipo de ítem Koha LIBRO
100 ## - Datos de procesamiento general
Datos de procesamiento general 19970401d19791959m y1spay5003 ba
101 ## - Idioma del recurso
Idioma del texto, banda sonora, etc. Español; Castellano
Idioma de la obra original Inglés
105 ## - Campo de datos codificados: Material textual, monográfico
Datos codificados de monografía y 001zy
200 1# - Título y mención de responsabilidad
Título propio Historia mundial de 1914 a 1968
Designación general del material texto impreso
Primer mención de responsabilidad David Thomson
Declaración de responsabilidad subsiguiente traducción Edmundo O'Gorman
205 ## - Declaración de edición
Declaración de edición 2a reimpr de la 2a ed
210 ## - Publicación, distribución, etc.
Lugar de publicación, distribución, etc. México
Nombre del editor, distribuidor, etc. Fondo de Cultura Económica
Fecha de publicación, distribución, etc. 1979
215 ## - Descripción física
Designación de material específico y extensión del ítem 267 p
Dimensiones 17 cm
300 ## - Notas generales
Texto de la nota Incluye índice analítico
345 ## - Nota de información de adquisición
Fuente de adquisición/dirección de la suscripción [OBSOLETO] Donación
410 #1 - Series
Título Breviarios del Fondo de Cultura Económica
Número de volumen 142
454 #1 - Traducción de
Título World History, 1914-1968
606 ## - Término temático usado como materia
Elemento de entrada Historia moderna
Subdivisión temática Siglo XX
Número Koha 3540
660 ## - Código de área geográfica
Código MX
700 ## - Nombre personal - Responsabilidad primaria
Elemento de entrada Thomson
Parte del nombre distinta del elemento de entrada David
Fechas 1912-1970
Número Koha 3541
702 ## - Nombre personal - Responsabilidad secundaria
Elemento de entrada O'Gorman
Parte del nombre distinta del elemento de entrada Edmundo
Fechas 1906-1995
Número Koha 2079
801 #0 - Fuente de origen
Agencia cm
900 ## -
-- 1/13474
900 ## -
-- 710972949\\010497
942 ## - ELEMENTOS DE ENTRADA SECUNDARIOS (KOHA)
Tipo de ítem Koha Livre
996 ## -
-- MEX
-- 751145101
-- MMAG
-- 004618
-- 082.1 B846 V.142
-- 20210329LIV
Exemplaires
Estatus retirado Estado de daño Estado de pérdida Fecha de adquisición Biblioteca de origen Biblioteca actual Ubicación en estantería Código de barras Precio de reemplazo Signatura topográfica completa No para préstamo Tipo de ítem Koha Nota pública Nota no pública
      05/08/2025 Casa México Paris Casa México Paris   004618 05/08/2025 082.1 B846 V.142   Livre 20210329LIV 751145101